[Event "European Youth Chess Championship G16"]
[Site "Prague, Top Hotel Prague"]
[Date "2012.08.24"]
[Round "8.1"]
[White "Navrotescu, Andreea-Cristiana"]
[Black "Visanescu, Daria-Ioana"]
[Result "1/2-1/2"]
[WhiteElo "2090"]
[BlackElo "2019"]
[PlyCount "0"]
[EventDate "2012.08.17"]

1. d4 {[%clk 1:30:58]} Nf6 {[%clk 1:30:49]} 2. c4 {[%clk 1:31:22]} g6
{[%clk 1:31:06]} 3. Nc3 {[%clk 1:31:41]} d5 {[%clk 1:31:20]} 4. Nf3
{[%clk 1:32:01]} Bg7 {[%clk 1:30:53]} 5. Bg5 {[%clk 1:32:25]} Ne4
{[%clk 1:27:00]} 6. Bh4 {[%clk 1:32:31]} Nxc3 {[%clk 1:23:53]} 7. bxc3
{[%clk 1:32:59]} c5 {[%clk 1:21:57]} 8. cxd5 {[%clk 1:31:18]} Qxd5
{[%clk 1:20:31]} 9. e3 {[%clk 1:31:03]} cxd4 {[%clk 1:19:08]} 10. cxd4
{[%clk 1:31:20]} Nc6 {[%clk 1:19:09]} 11. Be2 {[%clk 1:31:27]} O-O
{[%clk 1:14:22]} 12. O-O {[%clk 1:31:36]} e5 {[%clk 1:06:59]} 13. dxe5
{[%clk 1:23:12]} Qxd1 {[%clk 1:07:10]} 14. Rfxd1 {[%clk 1:23:24]} Nxe5
{[%clk 1:06:05]} 15. Nd4 {[%clk 1:14:24]} Bd7 {[%clk 0:59:35]} 16. Rab1
{[%clk 1:12:35]} b6 {[%clk 0:54:06]} 17. Rbc1 {[%clk 1:01:24]} Ba4
{[%clk 0:48:47]} 18. Nb3 {[%clk 0:53:15]} Rac8 {[%clk 0:43:33]} 19. Ba6
{[%clk 0:52:27]} Rc6 {[%clk 0:41:10]} 20. Nd4 {[%clk 0:38:17]} Rc5
{[%clk 0:30:31]} 21. Rf1 {[%clk 0:34:03]} Re8 {[%clk 0:25:21]} 22. h3
{[%clk 0:26:26]} h6 {[%clk 0:23:28]} 23. Rxc5 {[%clk 0:22:08]} bxc5
{[%clk 0:23:51]} 24. Nb3 {[%clk 0:22:35]} Bxb3 {[%clk 0:16:27]} 25. axb3
{[%clk 0:23:04]} Rb8 {[%clk 0:16:46]} 26. f4 {[%clk 0:18:03]} Nc6
{[%clk 0:15:49]} 27. Bc4 {[%clk 0:18:07]} Na5 {[%clk 0:14:11]} 28. Bd5
{[%clk 0:18:35]} Rb4 {[%clk 0:08:51]} 29. Be7 {[%clk 0:12:19]} Nxb3
{[%clk 0:06:49]} 30. Rb1 {[%clk 0:12:32]} Na1 {[%clk 0:06:29]} 31. Rxb4
{[%clk 0:12:27]} cxb4 {[%clk 0:06:58]} 32. Bxb4 {[%clk 0:12:56]} Nc2
{[%clk 0:06:36]} 33. Bc5 {[%clk 0:13:17]} a5 {[%clk 0:06:27]} 34. Kf1
{[%clk 0:10:31]} Bf8 {[%clk 0:05:26]} 35. Bb6 {[%clk 0:08:36]} a4
{[%clk 0:05:45]} 36. Be4 {[%clk 0:06:07]} Nb4 {[%clk 0:04:53]} 37. Ba5
{[%clk 0:04:33]} a3 {[%clk 0:02:42]} 38. Bxb4 {[%clk 0:04:57]} Bxb4
{[%clk 0:01:36]} 39. Bd5 {[%clk 0:05:23]} Kg7 {[%clk 0:01:47]} 40. Ke2
{[%clk 0:35:48]} f5 {[%clk 0:31:49]} 41. Kd3 {[%clk 0:35:58]} 1/2-1/2

[Event "European Youth Chess Championship G16"]
[Site "Prague, Top Hotel Prague"]
[Date "2012.08.24"]
[Round "8.2"]
[White "Hincu, Olga"]
[Black "Tantsiura, Marja"]
[Result "0-1"]
[WhiteElo "1931"]
[BlackElo "2193"]
[PlyCount "0"]
[EventDate "2012.08.17"]

1. c4 {[%clk 1:30:56]} g6 {[%clk 1:30:54]} 2. Nc3 {[%clk 1:31:21]} Bg7
{[%clk 1:31:23]} 3. g3 {[%clk 1:31:43]} d6 {[%clk 1:31:49]} 4. Bg2
{[%clk 1:32:09]} Nf6 {[%clk 1:30:22]} 5. d3 {[%clk 1:32:30]} O-O {[%clk 1:30:12]}
6. e4 {[%clk 1:32:27]} c5 {[%clk 1:29:55]} 7. Nge2 {[%clk 1:32:46]} Nc6
{[%clk 1:27:55]} 8. O-O {[%clk 1:32:32]} e6 {[%clk 1:17:42]} 9. a3
{[%clk 1:27:13]} Rb8 {[%clk 1:08:32]} 10. Rb1 {[%clk 1:26:07]} b6
{[%clk 1:08:46]} 11. b4 {[%clk 1:25:15]} Bb7 {[%clk 1:08:18]} 12. Qc2
{[%clk 1:20:47]} Ne7 {[%clk 0:47:19]} 13. Rd1 {[%clk 1:18:04]} e5
{[%clk 0:37:36]} 14. f4 {[%clk 1:12:22]} Nc6 {[%clk 0:33:51]} 15. Rf1
{[%clk 1:07:17]} Nd4 {[%clk 0:28:11]} 16. Nxd4 {[%clk 1:06:34]} cxd4
{[%clk 0:27:14]} 17. Ne2 {[%clk 0:56:13]} b5 {[%clk 0:26:49]} 18. fxe5
{[%clk 0:53:09]} dxe5 {[%clk 0:27:11]} 19. Bg5 {[%clk 0:49:42]} bxc4
{[%clk 0:26:37]} 20. Qxc4 {[%clk 0:49:44]} h6 {[%clk 0:26:20]} 21. Bxf6
{[%clk 0:49:43]} Bxf6 {[%clk 0:26:40]} 22. Nc1 {[%clk 0:40:27]} Qb6
{[%clk 0:19:49]} 23. a4 {[%clk 0:27:46]} Rbc8 {[%clk 0:19:20]} 24. a5
{[%clk 0:22:58]} Qd6 {[%clk 0:18:05]} 25. Qa2 {[%clk 0:21:03]} Bg5
{[%clk 0:17:08]} 26. Qa4 {[%clk 0:15:40]} Rc3 {[%clk 0:16:33]} 27. Nb3
{[%clk 0:13:13]} Rxd3 {[%clk 0:15:40]} 28. Nc5 {[%clk 0:06:22]} Bc6
{[%clk 0:16:07]} 29. Qa2 {[%clk 0:04:51]} Rd2 {[%clk 0:16:30]} 30. Qc4
{[%clk 0:04:56]} Be3+ {[%clk 0:12:52]} 31. Kh1 {[%clk 0:05:22]} d3
{[%clk 0:13:20]} 32. Qc3 {[%clk 0:02:01]} Bb5 {[%clk 0:07:58]} 33. Nb7
{[%clk 0:01:37]} Qe7 {[%clk 0:07:28]} 34. Nc5 {[%clk 0:01:40]} Rc2
{[%clk 0:07:54]} 35. Qa3 {[%clk 0:01:51]} Bxc5 {[%clk 0:07:55]} 36. bxc5
{[%clk 0:02:16]} Qxc5 {[%clk 0:08:24]} 37. Qxc5 {[%clk 0:01:44]} Rxc5
{[%clk 0:08:51]} 38. Bf3 {[%clk 0:01:13]} f5 {[%clk 0:07:50]} 39. Rfd1
{[%clk 0:01:18]} Bc6 {[%clk 0:07:43]} 40. Rb4 {[%clk 0:30:49]} Rd8
{[%clk 0:37:47]} 41. Kg1 {[%clk 0:27:03]} Rxa5 {[%clk 0:33:25]} 42. Kf2
{[%clk 0:26:33]} Ra2+ {[%clk 0:33:44]} 43. Kg1 {[%clk 0:24:54]} Rc2
{[%clk 0:33:59]} 0-1

[Event "European Youth Chess Championship G16"]
[Site "Prague, Top Hotel Prague"]
[Date "2012.08.24"]
[Round "8.3"]
[White "Marikova, Jana"]
[Black "Imnadze, Nato"]
[Result "0-1"]
[WhiteElo "1887"]
[BlackElo "2030"]
[PlyCount "0"]
[EventDate "2012.08.17"]

1. d4 {[%clk 1:30:58]} d5 {[%clk 1:30:45]} 2. c4 {[%clk 1:31:23]} c6
{[%clk 1:31:11]} 3. Nc3 {[%clk 1:31:43]} Nf6 {[%clk 1:31:35]} 4. Nf3
{[%clk 1:32:08]} e6 {[%clk 1:32:02]} 5. Bg5 {[%clk 1:32:29]} dxc4
{[%clk 1:31:49]} 6. e4 {[%clk 1:32:48]} b5 {[%clk 1:32:08]} 7. e5
{[%clk 1:33:04]} h6 {[%clk 1:32:35]} 8. Bh4 {[%clk 1:33:23]} g5 {[%clk 1:33:03]}
9. Nxg5 {[%clk 1:33:43]} hxg5 {[%clk 1:33:27]} 10. Bxg5 {[%clk 1:34:05]} Nbd7
{[%clk 1:33:41]} 11. g3 {[%clk 1:27:07]} Bb7 {[%clk 1:33:49]} 12. Bg2
{[%clk 1:27:30]} Qb6 {[%clk 1:33:57]} 13. exf6 {[%clk 1:27:47]} c5
{[%clk 1:33:43]} 14. d5 {[%clk 1:27:54]} O-O-O {[%clk 1:32:50]} 15. O-O
{[%clk 1:23:59]} b4 {[%clk 1:33:02]} 16. Ne2 {[%clk 1:14:22]} exd5
{[%clk 1:27:28]} 17. Nf4 {[%clk 1:06:11]} Nxf6 {[%clk 0:42:22]} 18. Qc2
{[%clk 0:59:14]} Kb8 {[%clk 0:28:29]} 19. Rfd1 {[%clk 0:51:58]} Bg7
{[%clk 0:21:46]} 20. Bxf6 {[%clk 0:43:46]} Qxf6 {[%clk 0:21:29]} 21. Nxd5
{[%clk 0:41:37]} Qxb2 {[%clk 0:20:22]} 22. Qxc4 {[%clk 0:40:00]} Bd4
{[%clk 0:20:14]} 23. Rf1 {[%clk 0:27:30]} Bxf2+ {[%clk 0:19:53]} 24. Rxf2
{[%clk 0:27:52]} Qxa1+ {[%clk 0:20:20]} 25. Rf1 {[%clk 0:28:05]} Qd4+
{[%clk 0:11:39]} 26. Qxd4 {[%clk 0:28:29]} cxd4 {[%clk 0:12:06]} 27. Nxb4
{[%clk 0:28:45]} Bxg2 {[%clk 0:11:48]} 28. Kxg2 {[%clk 0:29:11]} Rd7
{[%clk 0:11:03]} 29. Rd1 {[%clk 0:26:20]} Kc7 {[%clk 0:10:03]} 30. h4
{[%clk 0:25:16]} Re8 {[%clk 0:09:40]} 31. Kf2 {[%clk 0:24:36]} Rd6
{[%clk 0:08:07]} 32. Nd3 {[%clk 0:22:15]} Re3 {[%clk 0:04:48]} 33. Nf4
{[%clk 0:21:00]} Rc3 {[%clk 0:04:13]} 34. Rd2 {[%clk 0:20:47]} Kc6
{[%clk 0:03:34]} 35. Ne2 {[%clk 0:19:18]} Rc4 {[%clk 0:03:32]} 36. Nf4
{[%clk 0:18:23]} a5 {[%clk 0:02:39]} 37. Kf3 {[%clk 0:16:52]} Rc3+
{[%clk 0:02:03]} 38. Nd3 {[%clk 0:16:36]} Kd5 {[%clk 0:01:08]} 39. Kf4
{[%clk 0:15:33]} Rf6+ {[%clk 0:01:11]} 40. Kg5 {[%clk 0:45:33]} Rf3
{[%clk 0:31:22]} 41. Nf4+ {[%clk 0:45:28]} Ke4 {[%clk 0:29:43]} 42. Ne2
{[%clk 0:42:53]} Rc5+ {[%clk 0:25:48]} 43. Kg4 {[%clk 0:39:47]} d3
{[%clk 0:24:21]} 44. Ng1 {[%clk 0:35:04]} Rf1 {[%clk 0:23:33]} 0-1

[Event "European Youth Chess Championship G16"]
[Site "Prague, Top Hotel Prague"]
[Date "2012.08.24"]
[Round "8.4"]
[White "Nicolas Zapata, Irene"]
[Black "Garcia-Castany Musellas, Gal La"]
[Result "1-0"]
[WhiteElo "2197"]
[BlackElo "2019"]
[PlyCount "0"]
[EventDate "2012.08.17"]

1. Nf3 {[%clk 1:30:30]} d5 {[%clk 1:30:40]} 2. d4 {[%clk 1:30:44]} Nf6
{[%clk 1:31:01]} 3. c4 {[%clk 1:30:09]} c6 {[%clk 1:31:20]} 4. e3
{[%clk 1:30:23]} g6 {[%clk 1:31:27]} 5. Nc3 {[%clk 1:27:48]} Bg7 {[%clk 1:31:48]}
6. Bd3 {[%clk 1:25:13]} O-O {[%clk 1:31:50]} 7. cxd5 {[%clk 1:23:10]} cxd5
{[%clk 1:32:07]} 8. Ne5 {[%clk 1:21:05]} Nc6 {[%clk 1:28:35]} 9. f4
{[%clk 1:15:38]} Ne8 {[%clk 1:18:04]} 10. Qf3 {[%clk 1:05:11]} e6
{[%clk 1:09:36]} 11. O-O {[%clk 0:55:04]} Nd6 {[%clk 1:00:36]} 12. b3
{[%clk 0:51:03]} Ne7 {[%clk 0:44:53]} 13. Qe2 {[%clk 0:45:50]} f6
{[%clk 0:36:52]} 14. Nf3 {[%clk 0:46:18]} f5 {[%clk 0:37:08]} 15. Ba3
{[%clk 0:39:20]} Ne4 {[%clk 0:36:56]} 16. Bxe4 {[%clk 0:32:50]} fxe4
{[%clk 0:34:46]} 17. Ne5 {[%clk 0:33:18]} a6 {[%clk 0:33:53]} 18. Na4
{[%clk 0:30:22]} Re8 {[%clk 0:27:34]} 19. Rac1 {[%clk 0:26:04]} Rb8
{[%clk 0:21:11]} 20. Bc5 {[%clk 0:21:42]} Bd7 {[%clk 0:19:29]} 21. Bb6
{[%clk 0:19:20]} Bb5 {[%clk 0:16:34]} 22. Qg4 {[%clk 0:18:45]} Qd6
{[%clk 0:16:41]} 23. Bc7 {[%clk 0:18:55]} h5 {[%clk 0:16:18]} 24. Qh3
{[%clk 0:19:17]} Qb4 {[%clk 0:16:06]} 25. Bxb8 {[%clk 0:16:40]} Bxf1
{[%clk 0:13:46]} 26. Qxe6+ {[%clk 0:16:20]} Kh7 {[%clk 0:14:08]} 27. Bd6
{[%clk 0:16:06]} Qd2 {[%clk 0:13:46]} 28. Rxf1 {[%clk 0:16:28]} Qxe3+
{[%clk 0:09:10]} 29. Kh1 {[%clk 0:16:44]} Rc8 {[%clk 0:09:08]} 30. Nc5
{[%clk 0:15:43]} Rf8 {[%clk 0:04:47]} 31. Bxe7 {[%clk 0:12:59]} Rxf4
{[%clk 0:02:18]} 32. Qxg6+ {[%clk 0:13:22]} Kg8 {[%clk 0:02:37]} 33. Rg1
{[%clk 0:11:30]} 1-0

[Event "European Youth Chess Championship G16"]
[Site "Prague, Top Hotel Prague"]
[Date "2012.08.24"]
[Round "8.5"]
[White "Kostitsina, Liubov"]
[Black "Dragieva, Denitza"]
[Result "1-0"]
[WhiteElo "2057"]
[BlackElo "2005"]
[PlyCount "0"]
[EventDate "2012.08.17"]

1. e4 {[%clk 1:30:32]} e5 {[%clk 1:30:39]} 2. Nf3 {[%clk 1:30:56]} Nc6
{[%clk 1:30:55]} 3. Bb5 {[%clk 1:31:16]} a6 {[%clk 1:30:44]} 4. Ba4
{[%clk 1:31:41]} Nf6 {[%clk 1:30:42]} 5. O-O {[%clk 1:32:04]} Be7
{[%clk 1:30:33]} 6. Re1 {[%clk 1:32:27]} b5 {[%clk 1:30:34]} 7. Bb3
{[%clk 1:32:56]} d6 {[%clk 1:30:25]} 8. c3 {[%clk 1:33:13]} O-O {[%clk 1:30:20]}
9. h3 {[%clk 1:33:38]} Na5 {[%clk 1:30:09]} 10. Bc2 {[%clk 1:34:01]} c5
{[%clk 1:30:22]} 11. d4 {[%clk 1:34:24]} Qc7 {[%clk 1:30:13]} 12. d5
{[%clk 1:32:29]} c4 {[%clk 1:27:48]} 13. b4 {[%clk 1:30:20]} cxb3
{[%clk 1:22:22]} 14. axb3 {[%clk 1:30:43]} Bd7 {[%clk 1:18:34]} 15. Bd2
{[%clk 1:28:17]} Nb7 {[%clk 1:18:12]} 16. b4 {[%clk 1:26:40]} a5 {[%clk 1:16:14]}
17. Na3 {[%clk 1:23:33]} axb4 {[%clk 1:11:23]} 18. cxb4 {[%clk 1:23:40]} Ra6
{[%clk 1:11:20]} 19. Bd3 {[%clk 1:15:59]} Qb6 {[%clk 0:59:20]} 20. Be3
{[%clk 1:09:37]} Qd8 {[%clk 0:59:28]} 21. Nd2 {[%clk 1:08:42]} Ra4
{[%clk 0:50:50]} 22. Qb3 {[%clk 1:05:17]} Qa8 {[%clk 0:47:28]} 23. Qb2
{[%clk 1:05:18]} Rc8 {[%clk 0:45:57]} 24. Nxb5 {[%clk 1:02:46]} Bxb5
{[%clk 0:41:17]} 25. Bxb5 {[%clk 1:03:10]} Rxa1 {[%clk 0:41:41]} 26. Rxa1
{[%clk 1:02:34]} Qb8 {[%clk 0:42:04]} 27. Qa3 {[%clk 0:55:16]} Nd8
{[%clk 0:39:34]} 28. Be2 {[%clk 0:55:14]} Ne8 {[%clk 0:37:18]} 29. b5
{[%clk 0:51:35]} Nb7 {[%clk 0:37:06]} 30. Ba7 {[%clk 0:42:59]} Qc7
{[%clk 0:35:36]} 31. b6 {[%clk 0:38:15]} Qd8 {[%clk 0:35:57]} 32. Ba6
{[%clk 0:38:29]} Qd7 {[%clk 0:36:19]} 33. Qb2 {[%clk 0:35:32]} Bd8
{[%clk 0:34:16]} 34. Qb5 {[%clk 0:34:17]} Qe7 {[%clk 0:33:50]} 35. Bxb7
{[%clk 0:34:35]} 1-0

[Event "European Youth Chess Championship G16"]
[Site "Prague, Top Hotel Prague"]
[Date "2012.08.24"]
[Round "8.6"]
[White "Cemhan, Kardelen"]
[Black "Osmanodja, Filiz"]
[Result "1/2-1/2"]
[WhiteElo "1938"]
[BlackElo "2199"]
[PlyCount "0"]
[EventDate "2012.08.17"]

1. e4 {[%clk 1:30:57]} c5 {[%clk 1:30:59]} 2. Nf3 {[%clk 1:31:18]} d6
{[%clk 1:31:26]} 3. d4 {[%clk 1:31:40]} cxd4 {[%clk 1:31:55]} 4. Nxd4
{[%clk 1:32:02]} Nf6 {[%clk 1:32:22]} 5. f3 {[%clk 1:32:22]} e5 {[%clk 1:32:43]}
6. Nb3 {[%clk 1:32:46]} Be7 {[%clk 1:33:06]} 7. c4 {[%clk 1:32:13]} a5
{[%clk 1:33:23]} 8. Be3 {[%clk 1:30:43]} a4 {[%clk 1:33:03]} 9. Nc1
{[%clk 1:28:58]} Nc6 {[%clk 1:25:45]} 10. Be2 {[%clk 1:22:03]} O-O
{[%clk 1:16:08]} 11. O-O {[%clk 1:21:14]} Qa5 {[%clk 1:10:31]} 12. a3
{[%clk 1:16:16]} Be6 {[%clk 0:59:34]} 13. Nc3 {[%clk 1:12:45]} Bd8
{[%clk 0:43:10]} 14. Kh1 {[%clk 1:05:47]} Bb6 {[%clk 0:30:31]} 15. Bxb6
{[%clk 1:00:03]} Qxb6 {[%clk 0:31:00]} 16. Nxa4 {[%clk 0:58:05]} Qd4
{[%clk 0:18:49]} 17. Qxd4 {[%clk 0:49:29]} Nxd4 {[%clk 0:18:51]} 18. Nb6
{[%clk 0:49:25]} Ra6 {[%clk 0:15:48]} 19. Nd5 {[%clk 0:49:20]} Bxd5
{[%clk 0:13:16]} 20. exd5 {[%clk 0:45:55]} Rb6 {[%clk 0:10:28]} 21. Rb1
{[%clk 0:42:10]} Nd7 {[%clk 0:05:28]} 22. Bd3 {[%clk 0:33:58]} Nc5
{[%clk 0:05:32]} 23. b4 {[%clk 0:30:47]} Nxd3 {[%clk 0:05:23]} 24. Nxd3
{[%clk 0:31:14]} Ra6 {[%clk 0:04:16]} 25. Ra1 {[%clk 0:28:47]} Nc2
{[%clk 0:01:39]} 26. Ra2 {[%clk 0:27:40]} Rxa3 {[%clk 0:01:06]} 27. Rxa3
{[%clk 0:27:09]} Nxa3 {[%clk 0:01:35]} 28. c5 {[%clk 0:26:54]} Rd8
{[%clk 0:00:57]} 29. Ra1 {[%clk 0:17:10]} Nc4 {[%clk 0:01:00]} 30. Rc1
{[%clk 0:14:33]} b5 {[%clk 0:01:01]} 31. cxd6 {[%clk 0:13:00]} f6
{[%clk 0:00:53]} 32. Nc5 {[%clk 0:11:21]} Rxd6 {[%clk 0:01:02]} 33. Ne4
{[%clk 0:11:36]} Rd8 {[%clk 0:00:35]} 34. Nc3 {[%clk 0:11:19]} Kf7
{[%clk 0:00:33]} 35. Kg1 {[%clk 0:10:50]} Ne3 {[%clk 0:00:35]} 36. Nxb5
{[%clk 0:09:48]} Nxd5 {[%clk 0:00:41]} 37. Rd1 {[%clk 0:08:00]} Ke7
{[%clk 0:00:46]} 38. Rb1 {[%clk 0:07:39]} Rb8 {[%clk 0:01:01]} 39. Na7
{[%clk 0:07:48]} Kd6 {[%clk 0:00:39]} 40. b5 {[%clk 0:37:16]} Rb7
{[%clk 0:30:39]} 41. Ra1 {[%clk 0:31:59]} Nc7 {[%clk 0:22:04]} 42. Kf2
{[%clk 0:28:12]} h6 {[%clk 0:17:56]} 43. b6 {[%clk 0:25:20]} Nd5 {[%clk 0:17:39]}
44. Rd1 {[%clk 0:24:00]} Ke6 {[%clk 0:10:46]} 45. Nc8 {[%clk 0:15:00]} Rb8
{[%clk 0:10:34]} 46. Rc1 {[%clk 0:15:22]} Nxb6 {[%clk 0:07:04]} 47. Nxb6
{[%clk 0:13:23]} Rxb6 {[%clk 0:07:24]} 48. Rc7 {[%clk 0:13:35]} g6
{[%clk 0:06:42]} 49. g4 {[%clk 0:10:30]} f5 {[%clk 0:04:51]} 50. gxf5+
{[%clk 0:09:59]} Kxf5 {[%clk 0:04:46]} 51. Rf7+ {[%clk 0:08:49]} Rf6
{[%clk 0:02:48]} 52. Re7 {[%clk 0:08:11]} g5 {[%clk 0:01:20]} 53. Re8
{[%clk 0:05:41]} h5 {[%clk 0:00:58]} 54. h3 {[%clk 0:05:21]} Kf4 {[%clk 0:00:50]}
55. Rh8 {[%clk 0:05:09]} h4 {[%clk 0:00:36]} 56. Re8 {[%clk 0:05:11]} Rf7
{[%clk 0:00:44]} 57. Re6 {[%clk 0:05:09]} Kf5 {[%clk 0:01:10]} 58. Re8
{[%clk 0:05:34]} Rf6 {[%clk 0:01:09]} 59. Ke3 {[%clk 0:04:02]} Rf7
{[%clk 0:01:03]} 60. Kf2 {[%clk 0:03:50]} Kf4 {[%clk 0:01:26]} 61. Re6
{[%clk 0:04:08]} Rf8 {[%clk 0:01:36]} 62. Re7 {[%clk 0:04:14]} Kf5
{[%clk 0:01:56]} 63. Ke3 {[%clk 0:04:20]} Ra8 {[%clk 0:01:20]} 64. Rf7+
{[%clk 0:03:37]} Ke6 {[%clk 0:01:49]} 65. Rg7 {[%clk 0:03:48]} Ra3+
{[%clk 0:01:44]} 66. Ke4 {[%clk 0:03:32]} Ra4+ {[%clk 0:02:12]} 67. Ke3
{[%clk 0:03:54]} Ra3+ {[%clk 0:02:29]} 68. Ke4 {[%clk 0:04:18]} Ra4+
{[%clk 0:02:27]} 69. Ke3 {[%clk 0:04:43]} Kf6 {[%clk 0:02:43]} 70. Rg8
{[%clk 0:04:43]} Ra3+ {[%clk 0:02:20]} 71. Ke4 {[%clk 0:05:01]} Ra4+
{[%clk 0:02:38]} 72. Ke3 {[%clk 0:05:30]} Ra3+ {[%clk 0:02:25]} 73. Ke4
{[%clk 0:05:58]} Ra4+ {[%clk 0:02:51]} 74. Ke3 {[%clk 0:06:24]} e4
{[%clk 0:01:47]} 75. Rf8+ {[%clk 0:05:54]} Kg7 {[%clk 0:01:19]} 76. Re8
{[%clk 0:05:13]} exf3 {[%clk 0:01:23]} 77. Kxf3 {[%clk 0:05:41]} Rf4+
{[%clk 0:01:09]} 78. Kg2 {[%clk 0:06:02]} Kg6 {[%clk 0:00:52]} 79. Rg8+
{[%clk 0:05:36]} Kf5 {[%clk 0:01:05]} 80. Rf8+ {[%clk 0:05:45]} Ke4
{[%clk 0:01:17]} 81. Re8+ {[%clk 0:06:08]} Kd3 {[%clk 0:01:19]} 82. Re5
{[%clk 0:06:19]} Ra4 {[%clk 0:00:39]} 83. Rxg5 {[%clk 0:06:20]} Ke3
{[%clk 0:00:55]} 84. Re5+ {[%clk 0:06:25]} Kf4 {[%clk 0:01:14]} 85. Re2
{[%clk 0:06:42]} Ra3 {[%clk 0:00:48]} 86. Rf2+ {[%clk 0:06:57]} Kg5
{[%clk 0:00:55]} 87. Rb2 {[%clk 0:06:56]} Rg3+ {[%clk 0:00:56]} 88. Kh2
{[%clk 0:07:15]} Kf4 {[%clk 0:00:45]} 1/2-1/2

[Event "European Youth Chess Championship G16"]
[Site "Prague, Top Hotel Prague"]
[Date "2012.08.24"]
[Round "8.7"]
[White "Bivol, Alina"]
[Black "Vanagaite, Giedre"]
[Result "1-0"]
[WhiteElo "2142"]
[BlackElo "1996"]
[PlyCount "0"]
[EventDate "2012.08.17"]

1. e4 {[%clk 1:30:58]} c5 {[%clk 1:30:37]} 2. Nf3 {[%clk 1:31:12]} d6
{[%clk 1:30:43]} 3. d4 {[%clk 1:31:27]} cxd4 {[%clk 1:30:55]} 4. Nxd4
{[%clk 1:31:53]} Nf6 {[%clk 1:31:10]} 5. Nc3 {[%clk 1:32:17]} a6 {[%clk 1:31:19]}
6. h3 {[%clk 1:31:38]} g6 {[%clk 1:29:19]} 7. g4 {[%clk 1:28:53]} Bg7
{[%clk 1:29:07]} 8. Be3 {[%clk 1:20:50]} Nc6 {[%clk 1:28:27]} 9. Qd2
{[%clk 1:16:40]} O-O {[%clk 1:28:23]} 10. O-O-O {[%clk 1:09:12]} Nxd4
{[%clk 1:23:51]} 11. Bxd4 {[%clk 1:09:19]} Be6 {[%clk 1:24:04]} 12. f4
{[%clk 1:08:02]} b5 {[%clk 1:22:59]} 13. f5 {[%clk 0:56:14]} b4 {[%clk 1:01:07]}
14. fxe6 {[%clk 0:56:17]} bxc3 {[%clk 1:01:30]} 15. exf7+ {[%clk 0:56:43]} Rxf7
{[%clk 1:01:12]} 16. Qxc3 {[%clk 0:56:43]} Nxe4 {[%clk 0:54:06]} 17. Qc6
{[%clk 0:56:40]} Nf2 {[%clk 0:38:30]} 18. Bc4 {[%clk 0:55:15]} Nxd1
{[%clk 0:26:36]} 19. Bxf7+ {[%clk 0:54:30]} Kxf7 {[%clk 0:26:48]} 20. Qd5+
{[%clk 0:54:41]} Kf8 {[%clk 0:08:55]} 21. Rf1+ {[%clk 0:54:58]} Bf6
{[%clk 0:08:57]} 22. g5 {[%clk 0:54:05]} Ne3 {[%clk 0:05:59]} 23. Bxe3
{[%clk 0:54:22]} Rb8 {[%clk 0:06:18]} 24. gxf6 {[%clk 0:54:39]} exf6
{[%clk 0:06:44]} 25. Bh6+ {[%clk 0:54:27]} Ke8 {[%clk 0:06:48]} 26. Qe6+
{[%clk 0:54:39]} Qe7 {[%clk 0:07:10]} 27. Qg8+ {[%clk 0:55:03]} 1-0

[Event "European Youth Chess Championship G16"]
[Site "Prague, Top Hotel Prague"]
[Date "2012.08.24"]
[Round "8.8"]
[White "Smirnova, Ekaterina"]
[Black "Tomin, Ksenija"]
[Result "1-0"]
[WhiteElo "2113"]
[BlackElo "1954"]
[PlyCount "0"]
[EventDate "2012.08.17"]

1. e4 {[%clk 1:30:58]} c5 {[%clk 1:30:52]} 2. Nf3 {[%clk 1:31:22]} e6
{[%clk 1:31:05]} 3. c3 {[%clk 1:31:34]} Nf6 {[%clk 1:30:24]} 4. Bd3
{[%clk 1:31:24]} d6 {[%clk 1:25:59]} 5. O-O {[%clk 1:30:28]} Be7 {[%clk 1:22:16]}
6. Bc2 {[%clk 1:30:40]} Nc6 {[%clk 1:19:02]} 7. d4 {[%clk 1:29:39]} O-O
{[%clk 1:14:31]} 8. Qe2 {[%clk 1:26:58]} cxd4 {[%clk 1:09:51]} 9. cxd4
{[%clk 1:27:03]} e5 {[%clk 1:07:18]} 10. d5 {[%clk 1:25:39]} Nb4 {[%clk 1:05:39]}
11. Ba4 {[%clk 1:23:25]} Na6 {[%clk 1:02:17]} 12. Nc3 {[%clk 1:22:42]} Bg4
{[%clk 1:01:59]} 13. h3 {[%clk 1:20:16]} Bh5 {[%clk 1:01:51]} 14. Be3
{[%clk 1:15:36]} Bg6 {[%clk 0:55:25]} 15. Bc2 {[%clk 1:09:48]} h6
{[%clk 0:53:38]} 16. Rac1 {[%clk 1:08:04]} Nd7 {[%clk 0:49:40]} 17. Qb5
{[%clk 1:03:48]} Qc8 {[%clk 0:36:16]} 18. Bb1 {[%clk 0:59:33]} Nc7
{[%clk 0:31:37]} 19. Qb4 {[%clk 0:52:50]} Na6 {[%clk 0:24:30]} 20. Qa3
{[%clk 0:51:41]} Qd8 {[%clk 0:23:15]} 21. Rfe1 {[%clk 0:45:48]} Nb6
{[%clk 0:19:26]} 22. Nb5 {[%clk 0:42:16]} f5 {[%clk 0:16:53]} 23. exf5
{[%clk 0:40:44]} Bxf5 {[%clk 0:17:13]} 24. Bxf5 {[%clk 0:41:03]} Rxf5
{[%clk 0:17:35]} 25. Qd3 {[%clk 0:37:58]} Rf7 {[%clk 0:16:21]} 26. a3
{[%clk 0:35:45]} Bf8 {[%clk 0:14:31]} 27. Nd2 {[%clk 0:32:13]} Nc8
{[%clk 0:12:52]} 28. Ne4 {[%clk 0:30:42]} Nc7 {[%clk 0:12:43]} 29. Nbc3
{[%clk 0:30:53]} Ne7 {[%clk 0:11:56]} 30. Ng3 {[%clk 0:28:34]} Qd7
{[%clk 0:10:43]} 31. Red1 {[%clk 0:28:02]} g6 {[%clk 0:09:32]} 32. Qe4
{[%clk 0:22:38]} Nf5 {[%clk 0:07:51]} 33. Qg4 {[%clk 0:22:26]} Nxe3
{[%clk 0:07:18]} 34. Qxd7 {[%clk 0:22:27]} Rxd7 {[%clk 0:07:43]} 35. fxe3
{[%clk 0:22:54]} Rf7 {[%clk 0:05:28]} 36. Nce4 {[%clk 0:21:44]} Ne8
{[%clk 0:05:06]} 37. Rf1 {[%clk 0:21:20]} Rxf1+ {[%clk 0:05:24]} 38. Kxf1
{[%clk 0:21:42]} Kf7 {[%clk 0:04:08]} 39. Ke2 {[%clk 0:21:49]} Ke7
{[%clk 0:04:07]} 40. Kd3 {[%clk 0:51:53]} Kd7 {[%clk 0:32:36]} 41. Rf1
{[%clk 0:45:17]} Ke7 {[%clk 0:29:14]} 42. Ne2 {[%clk 0:44:17]} Bg7
{[%clk 0:25:40]} 43. N2c3 {[%clk 0:42:15]} Nc7 {[%clk 0:24:50]} 44. g4
{[%clk 0:39:03]} b5 {[%clk 0:20:56]} 45. Nd2 {[%clk 0:34:31]} a5 {[%clk 0:19:42]}
46. e4 {[%clk 0:33:55]} b4 {[%clk 0:18:07]} 47. Na4 {[%clk 0:33:20]} Rb8
{[%clk 0:17:26]} 48. Rc1 {[%clk 0:31:28]} Kd8 {[%clk 0:15:45]} 49. Rc6
{[%clk 0:29:29]} Bf8 {[%clk 0:15:53]} 50. Rb6 {[%clk 0:21:51]} Rxb6
{[%clk 0:15:45]} 51. Nxb6 {[%clk 0:22:20]} Na6 {[%clk 0:14:43]} 52. Kc4
{[%clk 0:21:22]} Nc5 {[%clk 0:13:02]} 53. axb4 {[%clk 0:20:11]} axb4
{[%clk 0:13:26]} 54. b3 {[%clk 0:19:56]} Be7 {[%clk 0:12:52]} 55. Na4
{[%clk 0:19:39]} Bg5 {[%clk 0:11:33]} 56. Nxc5 {[%clk 0:20:02]} Bxd2
{[%clk 0:11:38]} 57. Na6 {[%clk 0:20:13]} h5 {[%clk 0:08:34]} 58. gxh5
{[%clk 0:15:19]} gxh5 {[%clk 0:08:58]} 59. Nxb4 {[%clk 0:15:44]} Ke7
{[%clk 0:08:55]} 60. Nc2 {[%clk 0:15:50]} Kf6 {[%clk 0:08:44]} 61. Kd3
{[%clk 0:16:02]} Ba5 {[%clk 0:09:03]} 62. Ne3 {[%clk 0:16:16]} Kg5
{[%clk 0:09:07]} 63. Ng2 {[%clk 0:16:40]} Kf6 {[%clk 0:09:12]} 64. Kc4
{[%clk 0:17:04]} Ke7 {[%clk 0:09:30]} 65. Kb5 {[%clk 0:17:29]} Bd8
{[%clk 0:09:41]} 66. Kc6 {[%clk 0:17:55]} Ba5 {[%clk 0:09:55]} 67. Kb5
{[%clk 0:17:15]} Bd8 {[%clk 0:10:19]} 68. b4 {[%clk 0:17:44]} Kd7
{[%clk 0:10:42]} 69. Ka6 {[%clk 0:17:53]} Kc7 {[%clk 0:10:56]} 70. Ka7
{[%clk 0:17:23]} Kc8 {[%clk 0:11:12]} 71. b5 {[%clk 0:17:47]} 1-0